000 00631nam a2200253Ia 4500
003 OSt
005 20221007064924.0
006 a|||||r|||| 00| 0
007 ta
008 221006b |||||||| |||| 00| 0 eng d
024 _a4,580
037 _cTextual
040 _aFLL
_cFLL
_beng
041 _2eng
_aeng
082 _aZ2,2,3, N4
100 _aJaspal Singh
245 0 _aDelhi rent control act
250 _a5th
260 _aDelhi
_bPioneer Books India
_c1994
300 _a547p,9p
_ccm.
650 _aRent control act
942 _hZ2,2,3, N4
_cTEXL
_2CC
999 _c1135756
_d1135756